000 00442nam a22001697a 4500
005 20160513150231.0
008 160513b xxu||||| |||| 00| 0 eng d
020 _a978-0-07-061190-0
041 _aeng
082 _b2096
100 _aKrishna K. Havaldar Vasnt N. Cavale
_9594
245 _aSales And Distribution Management
260 _aNew Delhi
_bTata McGraw Hill Ltd.
_c2008
300 _a509
650 _aManagement
_9241
942 _cBK
999 _c767
_d767